Responses for Show #7050 - Friday, April 17, 2015

Alex Jacob game 6.

Contestants

[<< previous game]

Scott Blish, a technical writer and stay-at-home dad originally from Elmira Heights, New York

Nikhil Neelakantan, an operations analyst from Richmond, Virginia

Alex Jacob, a currency trader from Chicago, Illinois (whose 5-day cash winnings total $129,401)

[next game >>]

Jeopardy! Round responses

STARTS WITH A VOWEL
SPORTS MOVIES
I'M JUST A BILL
AUTOMOTIVE ABBREVS.
LITERARY MEALTIME?
FLASHBACK FRIDAY
    $200 26
Hoosiers

Scott
    $200 27
Bill Gates

Scott
    $200 28
[The end-of-round signal sounds.]

Mr. Chips

Scott
    $200 25
(Alex Trebek: Yes, with less than a minute, now.)

Muhammad Ali

Scott
    $400 21
Energizer

Scott
    $400 20
Bend It Like Beckham

Alex
    $400 23
(Nikhil: Who is Ed Koch?)

(Bill) de Blasio

AlexNikhil
    $400 24
vehicle identification number

Alex
    $400 8
Naked Lunch

Scott
    $400 22
Mao (Tse-tung)

Alex
    $600 2
oddball

Alex
    $600 17
Million Dollar Baby

Scott
    $600 10
Buffalo Bill

Alex
    $600 18
(Scott: What's the blind side?)

the blind spot

Scott
Triple Stumper
    $600 4
(Roald) Dahl

Alex
    $600 13
(Alex Jacob: What is Panama?)

Colombia

AlexNikhil
    $800 1
arrondissement

Alex
    $800 7
Talladega Nights

Alex
    $800 11
New Mexico

Nikhil
    $800 16
(Scott: What are rear lights?)

running lights

Scott
Triple Stumper
    $800 5
a bowl of cherries

Alex
    $800 14
Stalin

Nikhil
    $1000 3
urbane

Triple Stumper
    $1000 9
Slap Shot

Alex
    $1000 12
Calvin & Hobbes

Alex
    $5 19
(Scott: $5, please.)
(Alex Trebek: Hello. You don't like this category.)
(Scott: No, I don't.)

previously owned

Scott
    $1000 6
(Alex Jacob: What is cold turkey?)

a hero

Alex
Triple Stumper
    $1000 15
the Troubles

Scott

Scores at the first commercial break (after clue 15):

Alex Nikhil Scott
$4,600 $2,200 $1,400

Scores at the end of the Jeopardy! Round:

Alex Nikhil Scott
$6,200 $1,800 $1,805

Double Jeopardy! Round responses

STARTS WITH A VOW
BIBLE VERSUS
THE ARTS
IN THE DICTIONARY
THE GREAT STATE OF MISSISSIPPI
COLORFUL ENTERTAINMENT
    $400 11
Jerusalem

Alex
    $400 27
Jericho

Alex
    $400 28
balloons

Triple Stumper
    $400 29
Nelson

Nikhil
    $400 30
the Gulf of Mexico

Scott
    $400 12
Green

Scott
    $800 26
apartheid

Alex
    $800 25
David & Goliath

Alex
    $800 23
a cello

Scott
    $2,000 6
(Nikhil: What is kabuki?)

karaoke

Nikhil
    $800 5
Jackson

Nikhil
    $800 21
Jack Black

Alex
    $1200 17
Mama Cass Elliot

Scott
    $1200 8
the Ark (of the Covenant)

Alex
    $1200 1
Lincoln Center

Alex
    $1200 15
bordello

Scott
    $1200 7
Tupelo

Alex
    $1200 20
red

Alex
    $1600 18
Rikers Island

Alex
    $1600 9
the money changers

Scott
    $1600 2
John Coltrane

Scott
    $1600 22
mascara

Nikhil
    $1600 4
Faulkner

Nikhil
    $1600 19
Charlie Brown

Alex
    $2000 16
a tennis court

Nikhil
    $2000 10
(Scott: Who is Gabriel?)

Michael

NikhilScott
    $3,405 3
(Scott: Alex is too good. I got to do a True Daily Double.)
...
(Scott: [Sighs] Who is Boccioni?)

Modigliani

Scott
    $2000 24
ria

Triple Stumper
    $2000 14
Haley Barbour

Nikhil
    $2000 13
Silver Linings Playbook

Triple Stumper

Scores at the end of the Double Jeopardy! Round:

Alex Nikhil Scott
$17,400 $10,200 $3,600

[wagering suggestions for these scores]

Final Jeopardy! Round responses

BOOK REVIEWS
(Alex Trebek: [To Scott] Your kids?)
(Scott: My, uh, wife and my son.)
(Alex Trebek: It's a good thing Becky is your wife, 'cause otherwise she'd be upset.)
...
(Alex Trebek: [To Alex Jacob] Smile, Alex. Smile. Enjoy the weekend.)
ScottWhat is The Hunger Games? (♡ you Becky + Elijah ☺)
$3,600
NikhilWhat is
$7,201
AlexWhat is The Hunger Games
$3,001
The Hunger Games

Final scores:

Alex Nikhil Scott
$20,401 $2,999 $7,200
6-day champion: $149,802 3rd place: $1,000 2nd place: $2,000

Game dynamics:

Coryat scores:

Alex Nikhil Scott
$17,400 $12,200 $8,000
23 R,
2 W
10 R,
2 W
(including 1 DD)
16 R
(including 1 DD),
4 W
(including 1 DD)

Combined Coryat: $37,600

[game clues] [game scores] [suggest correction]

Game tape date: Unknown
The J! Archive is created by fans, for fans. Scraping, republication, monetization, and malicious use prohibited; this site may use cookies and collect identifying information. See terms. The Jeopardy! game show and all elements thereof, including but not limited to copyright and trademark thereto, are the property of Jeopardy Productions, Inc. and are protected under law. This website is not affiliated with, sponsored by, or operated by Jeopardy Productions, Inc. Join the discussion at JBoard.tv.